000 00264nam a2200109Ia 4500
008 200302s9999 xx 000 0 und d
100 _aUje Lee
245 _aCelebrating the Ciry Urvan Facilities
260 _bC3 Publishing Co.
260 _c2008
300 _a293 P.,
999 _c2648
_d2648